=LDR 00000nam 2200000 4500 =001 INLIS000000000044517 =005 20131008110019 =008 ***********************************Ind** =035 ##$$a0010-101300000002439 =041 ##$$a Ind =082 ##$$a 320.598 =090 ##$$a 320.598, sut =100 ##$$a Sutrisno, Slamet =245 ##$$a Filsafat dan ideologi pancasila =260 ##$$a 2006 $b Yogyakarta =300 ##$$a 168 hlm, 25 cm =850 ##$$a NBPNMAT =990 ##$$a 93806/BPAP-NTB/2014